| 000 | 00600nam a2200193Ia 4500 | ||
|---|---|---|---|
| 003 | OSt | ||
| 005 | 20201006104713.0 | ||
| 008 | 190216s9999||||xx |||||||||||||| ||und|| | ||
| 020 | _a9788120305960 | ||
| 040 | _coclc | ||
| 082 |
_a005.133 _bKER/C |
||
| 100 |
_aKernighan, Brian W _95343 |
||
| 245 | 0 |
_aThe C Programming Language / _cBrian W Kernighan ; Dennis M Ritchie |
|
| 250 | _a2nd Ed. | ||
| 260 |
_bPrentice Hall Of India, _c2001. _aNew Delhi: |
||
| 300 | _a272p | ||
| 650 | _a"Computer Programming. Programs, Data" | ||
| 942 |
_cBK _2ddc _h005.133 _iKER/C _k005.133 _mKER/C |
||
| 999 |
_c8687 _d8687 |
||